[Event "Bosnjaci op 28th"]
[Site "Bosnjaci"]
[Date "2024.01.06"]
[Round "6"]
[White "Sajin, Mirko"]
[Black "Vucenovic, Damian"]
[Result "1-0"]
[WhiteElo "2299"]
[BlackElo "2193"]
[PlyCount "167"]
[EventDate "2024.01.03"]
[EventType "swiss"]
[EventRounds "9"]
[EventCountry "CRO"]
[SourceTitle "CB02_2024"]
[SourceDate "2024.01.10"]
[SourceVersion "1"]
[SourceVersionDate "2024.01.10"]
[SourceQuality "1"]

1. e4 e5 2. Nf3 Nc6 3. d4 exd4 4. Nxd4 Bc5 5. Be3 Qf6 6. c3 Nge7 7. Bc4 d6 8. 0-0 Ne5 9. Be2 Qg6 10. f3 0-0 11. Qd2 d5 12. f4 N5c6 13. e5 Nxd4 14. Bxd4 Bb6 15. Na3 Bf5 16. Bf3 Rfd8 17. Qf2 Rac8 18. Bxb6 axb6 19. Rfd1 Bg4 20. Rd2 Bxf3 21. Qxf3 c6 22. Nc2 Nf5 23. Re1 Re8 24. Nd4 h5 25. Qh3 Nxd4 26. cxd4 Qh6 27. Qf3 Rcd8 28. g3 f5 29. h3 Re6 30. Rg2 Rf8 31. Rf1 Rg6 32. b4 b5 33. Qe2 Rf7 34. Rf3 Rf8 35. Qc2 Rf7 36. Qc3 Rf8 37. Qc5 h4 38. Qc1 hxg3 39. Rfxg3 Rxg3 40. Rxg3 Re8 41. Qe3 Re6 42. Kh2 Kf8 43. Rg5 Qh7 44. Qa3 Qh4 45. Rxf5+ Ke7 46. Qg3 Qh7 47. Qg5+ Ke8 48. Qh5+ Qxh5 49. Rxh5 Kf7 50. Rh8 c5 51. dxc5 Ra6 52. Rd8 Rxa2+ 53. Kg3 Ke6 54. Re8+ Kf5 55. Rf8+ Ke6 56. Rb8 d4 57. Rd8 Ra3+ 58. Kg4 d3 59. Rd6+ Ke7 60. Kf5 Rb3 61. Rd4 d2 62. Rxd2 Rxb4 63. Rd6 Rc4 64. Rb6 Rxc5 65. Rxb7+ Kd8 66. Rxg7 b4 67. Rb7 Rc4 68. e6 Ke8 69. Ke5 Kd8 70. f5 Kc8 71. Rb5 Kd8 72. f6 Rc1 73. Rxb4 Re1+ 74. Re4 Rf1 75. Rd4+ Ke8 76. f7+ Ke7 77. Rd7+ Kf8 78. Rd8+ Kg7 79. Rg8+ Kh7 80. Rg4 Re1+ 81. Kf6 Rf1+ 82. Ke7 Re1 83. Rh4+ Kg6 84. f8Q 1-0

[Event "Bosnjaci op 28th"]
[Site "Bosnjaci"]
[Date "2024.01.05"]
[Round "4"]
[White "Drmic, Bozo"]
[Black "Vucenovic, Damian"]
[Result "0-1"]
[WhiteElo "2000"]
[BlackElo "2193"]
[PlyCount "108"]
[EventDate "2024.01.03"]
[EventType "swiss"]
[EventRounds "9"]
[EventCountry "CRO"]
[SourceTitle "CB02_2024"]
[SourceDate "2024.01.10"]
[SourceVersion "1"]
[SourceVersionDate "2024.01.10"]
[SourceQuality "1"]

1. e4 e5 2. Bc4 Nf6 3. d3 Bc5 4. Ne2 Nc6 5. a3 d6 6. h3 Be6 7. Nbc3 Qd7 8. Ng3 Ne7 9. Bg5 0-0-0 10. Bxf6 gxf6 11. Nh5 f5 12. Nf6 Qc6 13. Bd5 Bxd5 14. Ncxd5 Nxd5 15. Nxd5 Qd7 16. exf5 c6 17. Ne3 Bxe3 18. fxe3 Qxf5 19. Rf1 Qg5 20. Qf3 Rd7 21. 0-0-0 h5 22. g4 hxg4 23. hxg4 Rg8 24. Rg1 d5 25. Kb1 Rg6 26. Rdf1 c5 27. Qg3 Qe7 28. g5 c4 29. Rf5 Rb6 30. Ka2 c3 31. Rb1 e4 32. d4 cxb2 33. Rxb2 Ra6 34. Rb3 Rc7 35. Kb2 Rac6 36. c3 Qd7 37. Qe5 Rd6 38. Rf2 a5 39. Rh2 Kb8 40. a4 Re6 41. Rh8+ Ka7 42. Qf5 Qxa4 43. Qxd5 Rec6 44. Ra3 Rb6+ 45. Rb3 Rbc6 46. Rh2 Qc4 47. Qxe4 a4 48. Ra3 Rb6+ 49. Ka1 Qf1+ 50. Ka2 Qc4+ 51. Ka1 Rb3 52. Rxb3 axb3 53. Rb2 Qa6+ 54. Kb1 Qf1# 0-1

[Event "Dubrovnik Advent op"]
[Site "Dubrovnik"]
[Date "2023.12.01"]
[Round "2"]
[White "Vucenovic, Damian"]
[Black "Novak, Ivo"]
[Result "1-0"]
[WhiteElo "2121"]
[BlackElo "1892"]
[PlyCount "59"]
[EventDate "2023.12.01"]
[EventType "swiss"]
[EventRounds "6"]
[EventCountry "CRO"]
[SourceTitle "CB49_2023"]
[SourceDate "2023.12.06"]
[SourceVersion "1"]
[SourceVersionDate "2023.12.06"]
[SourceQuality "1"]

1. e4 c5 2. Nf3 d6 3. c3 Nf6 4. h3 Nc6 5. Bd3 g6 6. Bc2 Bg7 7. 0-0 0-0 8. d4 cxd4 9. cxd4 Bd7 10. Nc3 Rc8 11. Re1 e5 12. Be3 Nh5 13. Qd2 Na5 14. Bd3 Nc4 15. Bxc4 Rxc4 16. dxe5 dxe5 17. Rad1 Nf6 18. Bg5 Rc7 19. Nd5 Be6 20. Nxf6+ Qxf6 21. Bxf6 Bxf6 22. a3 Rcc8 23. Qh6 Bg7 24. Qh4 h6 25. Rd6 Rfe8 26. Red1 Bf8 27. Rd8 g5 28. Nxg5 Rcxd8 29. Rxd8 Rxd8 30. Nxe6 1-0

[Event "CRO-chT1A 31st"]
[Site "Veli Losinj"]
[Date "2023.10.17"]
[Round "7.6"]
[White "Rogic, Davor"]
[Black "Vucenovic, Damian"]
[Result "1/2-1/2"]
[WhiteElo "2435"]
[BlackElo "2079"]
[PlyCount "178"]
[EventDate "2023.10.11"]
[EventType "team-tourn"]
[EventRounds "7"]
[EventCountry "CRO"]
[SourceTitle "Mega2024 Update 01"]
[Source "Chessbase"]
[SourceDate "2023.11.12"]
[SourceVersion "1"]
[SourceVersionDate "2023.11.12"]
[SourceQuality "1"]
[WhiteTeam "Solin Cemex"]
[BlackTeam "Sesvete Agroproteinka"]
[WhiteTeamCountry "CRO"]
[BlackTeamCountry "CRO"]

1. e4 e5 2. Nf3 Nc6 3. Bb5 a6 4. Ba4 Nf6 5. 0-0 b5 6. Bb3 Bc5 7. c3 d6 8. d4 Bb6 9. Be3 Bg4 10. Qd3 Bxf3 11. gxf3 Qd7 12. Kg2 Nh5 13. Bd5 Rd8 14. Bxc6 Qxc6 15. a4 0-0 16. axb5 axb5 17. Na3 b4 18. Qb5 Qxb5 19. Nxb5 Rb8 20. Rfd1 f5 21. c4 fxe4 22. fxe4 exd4 23. Bxd4 Nf4+ 24. Kf1 Bxd4 25. Rxd4 Ra8 26. Re1 Ne6 27. Rd2 Rf4 28. e5 dxe5 29. Rxe5 Ra1+ 30. Kg2 Rf6 31. f3 Nf4+ 32. Kf2 Nh3+ 33. Ke2 Ng1+ 34. Kd3 Nxf3 35. Re8+ Kf7 36. Rde2 c6 37. R8e7+ Kf8 38. Re8+ Kf7 39. R8e7+ Kg6 40. Nc7 Rd6+ 41. Ke3 Nd4 42. c5 Rd8 43. Rg2+ Kf6 44. Re8 Nf5+ 45. Ke2 Rd7 46. Rf8+ Rf7 47. Ne8+ Ke7 48. Rxf7+ Kxf7 49. Nd6+ Nxd6 50. cxd6 Ra5 51. Rg4 Rd5 52. Rxb4 Rxd6 53. Rb7+ Kf6 54. b4 h5 55. b5 cxb5 56. Rxb5 h4 57. h3 g5 58. Ra5 Rb6 59. Kf2 Rb2+ 60. Kg1 Re2 61. Rb5 Re5 62. Rb8 Kf5 63. Rf8+ Ke4 64. Kg2 Ke3 65. Rf7 Ke2 66. Rg7 Kd3 67. Rg8 Re2+ 68. Kg1 Re5 69. Kg2 Ke4 70. Rf8 Rf5 71. Ra8 Rd5 72. Re8+ Re5 73. Ra8 Kf4 74. Rf8+ Ke3 75. Rg8 Kf4 76. Rf8+ Ke4 77. Ra8 Kf5 78. Rf8+ Kg6 79. Rg8+ Kh7 80. Ra8 Rb5 81. Ra6 Rb2+ 82. Kg1 Rb3 83. Kg2 Kg7 84. Rc6 Kf7 85. Ra6 g4 86. hxg4 Rg3+ 87. Kh2 Rxg4 88. Kh3 Rc4 89. Rb6 Kg7 1/2-1/2

[Event "CRO-chT1A 31st"]
[Site "Veli Losinj"]
[Date "2023.10.16"]
[Round "6.6"]
[White "Vucenovic, Damian"]
[Black "Rogulj, Branko"]
[Result "1-0"]
[WhiteElo "2079"]
[BlackElo "2317"]
[PlyCount "75"]
[EventDate "2023.10.11"]
[EventType "team-tourn"]
[EventRounds "7"]
[EventCountry "CRO"]
[SourceTitle "Mega2024 Update 01"]
[Source "Chessbase"]
[SourceDate "2023.11.12"]
[SourceVersion "1"]
[SourceVersionDate "2023.11.12"]
[SourceQuality "1"]
[WhiteTeam "Sesvete Agroproteinka"]
[BlackTeam "Zagreb Zagreb"]
[WhiteTeamCountry "CRO"]
[BlackTeamCountry "CRO"]

1. e4 Nf6 2. e5 Nd5 3. d4 d6 4. c4 Nb6 5. f4 Bf5 6. Nc3 e6 7. Nf3 Be7 8. Be3 0-0 9. Bd3 d5 10. Bxf5 exf5 11. c5 Nc4 12. Bf2 b6 13. b3 Na5 14. 0-0 c6 15. Re1 bxc5 16. dxc5 Na6 17. Na4 g6 18. Qd2 Rb8 19. Rac1 Qc7 20. e6 Bf6 21. Nb6 Nxb3 22. axb3 axb6 23. cxb6 Rxb6 24. Bxb6 Qxb6+ 25. Kh1 Nb4 26. exf7+ Rxf7 27. Re6 Kg7 28. h4 Ra7 29. h5 Ra2 30. Rexc6 Qb5 31. Rc7+ Kh6 32. Ng5 gxh5 33. Qe3 Qe2 34. Qxe2 Rxe2 35. Nxh7 Be7 36. Rd7 Re6 37. Rcc7 Bd6 38. Rxd6 1-0

[Event "CRO-chT1A 31st"]
[Site "Veli Losinj"]
[Date "2023.10.13"]
[Round "3.6"]
[White "Vucenovic, Damian"]
[Black "Zivkovic, Vjekoslav"]
[Result "1/2-1/2"]
[WhiteElo "2079"]
[BlackElo "2347"]
[PlyCount "28"]
[EventDate "2023.10.11"]
[EventType "team-tourn"]
[EventRounds "7"]
[EventCountry "CRO"]
[SourceTitle "Mega2024 Update 01"]
[Source "Chessbase"]
[SourceDate "2023.11.12"]
[SourceVersion "1"]
[SourceVersionDate "2023.11.12"]
[SourceQuality "1"]
[WhiteTeam "Sesvete Agroproteinka"]
[BlackTeam "Kastel Novi"]
[WhiteTeamCountry "CRO"]
[BlackTeamCountry "CRO"]

1. e4 c5 2. Nf3 Nc6 3. c3 Nf6 4. Bd3 d5 5. e5 Nd7 6. Bb5 Qb6 7. Ba4 c4 8. b4 e6 9. 0-0 Qc7 10. Re1 a5 11. b5 Nd8 12. d4 cxd3 13. Qxd3 b6 14. Bc2 Nc5 1/2-1/2

[Event "CRO-chT1A 31st"]
[Site "Veli Losinj"]
[Date "2023.10.12"]
[Round "2.6"]
[White "Saric, Luka"]
[Black "Vucenovic, Damian"]
[Result "1-0"]
[WhiteElo "2170"]
[BlackElo "2079"]
[PlyCount "97"]
[EventDate "2023.10.11"]
[EventType "team-tourn"]
[EventRounds "7"]
[EventCountry "CRO"]
[SourceTitle "Mega2024 Update 01"]
[Source "Chessbase"]
[SourceDate "2023.11.12"]
[SourceVersion "1"]
[SourceVersionDate "2023.11.12"]
[SourceQuality "1"]
[WhiteTeam "Split Mornar"]
[BlackTeam "Sesvete Agroproteinka"]
[WhiteTeamCountry "CRO"]
[BlackTeamCountry "CRO"]

1. d4 d5 2. c4 e6 3. Nf3 Nf6 4. Nc3 c6 5. e3 Bd6 6. Bd3 Nbd7 7. e4 dxe4 8. Nxe4 Nxe4 9. Bxe4 c5 10. 0-0 0-0 11. Bg5 Qb6 12. b3 cxd4 13. Qxd4 Bc5 14. Qd2 f6 15. Bh4 Bb4 16. Qc2 f5 17. Bd3 h6 18. a3 Bd6 19. b4 Qc6 20. c5 Be5 21. Rae1 g5 22. Nxe5 Nxe5 23. Rxe5 gxh4 24. h3 b5 25. Qe2 a6 26. Qh5 Kh7 27. Qxh4 Rg8 28. f3 Ra7 29. Qf6 Rg6 30. Qh4 Rag7 31. g4 Qd7 32. Re3 Qd4 33. Qf2 Kh8 34. Bxf5 Rf6 35. Bc2 Rg8 36. Rd1 Qf4 37. Be4 e5 38. Re2 h5 39. Qh2 Qg5 40. Red2 hxg4 41. hxg4+ Rh6 42. Qg3 Qe3+ 43. Qf2 Qxa3 44. Rd6 Be6 45. Rxe6 Rxe6 46. Qh4+ Kg7 47. Rd7+ Kf8 48. Qd8+ Re8 49. Qf6# 1-0

[Event "CRO-chT1A 31st"]
[Site "Veli Losinj"]
[Date "2023.10.11"]
[Round "1.6"]
[White "Vucenovic, Damian"]
[Black "Zelic, Mladen"]
[Result "1/2-1/2"]
[WhiteElo "2079"]
[BlackElo "2256"]
[PlyCount "85"]
[EventDate "2023.10.11"]
[EventType "team-tourn"]
[EventRounds "7"]
[EventCountry "CRO"]
[SourceTitle "Mega2024 Update 01"]
[Source "Chessbase"]
[SourceDate "2023.11.12"]
[SourceVersion "1"]
[SourceVersionDate "2023.11.12"]
[SourceQuality "1"]
[WhiteTeam "Sesvete Agroproteinka"]
[BlackTeam "Bibinje Goran"]
[WhiteTeamCountry "CRO"]
[BlackTeamCountry "CRO"]

1. e4 e5 2. Nf3 Nc6 3. Bc4 Nf6 4. d3 Be7 5. 0-0 0-0 6. Re1 d6 7. a4 Kh8 8. a5 a6 9. h3 h6 10. Nc3 Be6 11. Nd5 Qd7 12. c3 Rae8 13. b4 Nd8 14. Qb3 c6 15. Nb6 Qc7 16. d4 d5 17. exd5 cxd5 18. Bxd5 Nxd5 19. Nxd5 Bxd5 20. Qxd5 exd4 21. cxd4 Bxb4 22. Rxe8 Rxe8 23. Be3 Nc6 24. Qc4 Bxa5 25. Rxa5 Qxa5 26. Qxf7 Re7 27. Qf8+ Kh7 28. Ne5 Rxe5 29. dxe5 Qxe5 30. Qc8 Qb5 31. g4 Qb1+ 32. Kh2 Ne5 33. f4 Ng6 34. Qe6 Qd3 35. f5 Qe2+ 36. Kg3 Qe1+ 37. Kh2 Nh4 38. Qe4 Qe2+ 39. Kg3 Qe1+ 40. Kh2 Kg8 41. Qe6+ Kh7 42. Qe4 Qe2+ 43. Kg3 1/2-1/2

[Event "Varazdin Spancir op 1st"]
[Site "Varazdin"]
[Date "2023.08.26"]
[Round "5"]
[White "Vucenovic, Damian"]
[Black "Poljan, Max"]
[Result "1/2-1/2"]
[WhiteElo "2184"]
[BlackElo "1928"]
[PlyCount "153"]
[EventDate "2023.08.24"]
[EventType "swiss"]
[EventRounds "7"]
[EventCountry "CRO"]
[SourceTitle "EXT 2024"]
[Source "ChessBase"]
[SourceDate "2023.10.10"]
[SourceVersion "1"]
[SourceVersionDate "2023.10.10"]
[SourceQuality "1"]

1. e4 c5 2. Nf3 e6 3. c3 Nf6 4. Bd3 d5 5. e5 Nfd7 6. Bc2 c4 7. d4 cxd3 8. Qxd3 Nc6 9. Qe2 Qc7 10. Bf4 f6 11. Ba4 Nc5 12. Bb5 a6 13. Bxc6+ bxc6 14. 0-0 a5 15. Nbd2 Ba6 16. c4 f5 17. Nd4 Be7 18. Rfc1 0-0 19. Qe3 Qd7 20. cxd5 cxd5 21. Bg5 Bxg5 22. Qxg5 Rfc8 23. Qg3 Nd3 24. Rxc8+ Rxc8 25. b3 Rc3 26. h4 h6 27. a3 Qc8 28. N2f3 Rc1+ 29. Rxc1 Qxc1+ 30. Kh2 Nf4 31. b4 axb4 32. axb4 Bf1 33. Nb3 Qd1 34. Qxf4 Qxb3 35. Nd2 Qd3 36. Nxf1 Qxf1 37. g3 Qc4 38. Qxc4 dxc4 39. b5 c3 40. b6 c2 41. b7 c1Q 42. b8Q+ Kh7 43. Qb6 Qc4 44. Qd6 Qa2 45. Qd4 Qb3 46. Qf4 Qd5 47. Qe3 Qc4 48. Kg2 Qd5+ 49. Kg1 Qc4 50. Qd2 Qe4 51. Qc3 Qd5 52. Qe1 Qc4 53. Qe3 Qd5 54. Kf1 Qd1+ 55. Qe1 Qd3+ 56. Kg2 Qd5+ 57. f3 Qa2+ 58. Qf2 Qc4 59. Qd2 Kg8 60. Kf2 Qc5+ 61. Qe3 Qc2+ 62. Qe2 Qc5+ 63. Kg2 Qd5 64. Qb2 Qc4 65. Qd2 Kh7 66. h5 Kg8 67. Qb2 Kh7 68. Kf2 Qc5+ 69. Kg2 Qc4 70. Kh2 Kg8 71. Qd2 Kh7 72. Qf2 Kg8 73. Kh3 Qd3 74. Qa2 Qxf3 75. Qxe6+ Kh7 76. Qg6+ Kh8 77. Qe8+ 1/2-1/2

[Event "Varazdin Spancir op 1st"]
[Site "Varazdin"]
[Date "2023.08.24"]
[Round "1"]
[White "Vucenovic, Damian"]
[Black "Novak, Vjekoslav"]
[Result "1-0"]
[WhiteElo "2184"]
[BlackElo "1753"]
[PlyCount "73"]
[EventDate "2023.08.24"]
[EventType "swiss"]
[EventRounds "7"]
[EventCountry "CRO"]
[SourceTitle "EXT 2024"]
[Source "ChessBase"]
[SourceDate "2023.10.10"]
[SourceVersion "1"]
[SourceVersionDate "2023.10.10"]
[SourceQuality "1"]

1. e4 d5 2. exd5 Nf6 3. d4 Bg4 4. f3 Bf5 5. Bb5+ c6 6. dxc6 Qa5+ 7. Nc3 Nxc6 8. Nge2 0-0-0 9. Bxc6 bxc6 10. b4 Qb6 11. Bf4 Nh5 12. Be3 e5 13. 0-0 exd4 14. Nxd4 c5 15. bxc5 Bxc5 16. Na4 Qa5 17. Nxc5 Qxc5 18. Rb1 Rhe8 19. Qe2 Rxe3 20. Qxe3 Rxd4 21. Rfe1 Nf6 22. Kh1 Rc4 23. Qb3 Qc7 24. Qb5 Be6 25. Qa6+ Kd8 26. Rb7 Qc6 27. Qxa7 Nd7 28. Qa5+ Ke8 29. Rbb1 Rxc2 30. Qg5 Qc3 31. Qh5 Qc4 32. Qxh7 Qxa2 33. Qh8+ Ke7 34. Qxg7 Re2 35. Qg5+ Ke8 36. Red1 Rb2 37. Ra1 1-0

[Event "Split op 12th"]
[Site "Split"]
[Date "2023.08.09"]
[Round "6"]
[White "Novosel, Lovro"]
[Black "Vucenovic, Damian"]
[Result "1-0"]
[WhiteElo "2383"]
[BlackElo "2184"]
[PlyCount "75"]
[EventDate "2023.08.05"]
[EventType "swiss"]
[EventRounds "9"]
[EventCountry "CRO"]
[SourceTitle "CBM 215 Extra"]
[Source "ChessBase"]
[SourceDate "2023.09.30"]
[SourceVersion "1"]
[SourceVersionDate "2023.09.30"]
[SourceQuality "1"]

1. d4 d5 2. c4 e6 3. Nf3 Nf6 4. g3 Be7 5. Bg2 0-0 6. 0-0 c6 7. Nbd2 b6 8. Qc2 Nbd7 9. e4 dxc4 10. Nxc4 Bb7 11. Rd1 Rc8 12. Nfe5 b5 13. Nxd7 Nxd7 14. Nd2 c5 15. d5 c4 16. Nf3 exd5 17. exd5 Bf6 18. Nd4 Qa5 19. Bf4 b4 20. Nc6 Bxc6 21. dxc6 Nb6 22. c7 Be5 23. Qf5 f6 24. Be4 g6 25. Qe6+ Kh8 26. Bh6 Rg8 27. Rd8 Rcxd8 28. cxd8Q Rxd8 29. Qe7 Rg8 30. Rd1 Nc8 31. Qf7 Qc7 32. Rd7 Qxd7 33. Qxd7 c3 34. bxc3 bxc3 35. Bd5 Nb6 36. Bg7+ Rxg7 37. Qe8+ Rg8 38. Qxg8# 1-0

[Event "Pula op 35th"]
[Site "Pula"]
[Date "2023.06.24"]
[Round "8"]
[White "Vucenovic, Damian"]
[Black "Vojak, Daniel"]
[Result "1-0"]
[WhiteElo "2121"]
[BlackElo "2339"]
[PlyCount "128"]
[EventDate "2023.06.17"]
[EventType "swiss"]
[EventRounds "9"]
[EventCountry "CRO"]
[SourceTitle "CBM 214 Extra"]
[Source "ChessBase"]
[SourceDate "2023.07.31"]
[SourceVersion "1"]
[SourceVersionDate "2023.07.31"]
[SourceQuality "1"]

1. e4 c5 2. Nf3 d6 3. Bb5+ Nd7 4. c3 Ngf6 5. Qe2 a6 6. Ba4 Qc7 7. 0-0 e5 8. d4 Be7 9. Bc2 0-0 10. a4 b6 11. Bd3 Re8 12. Re1 Bf8 13. d5 g6 14. Nbd2 Bh6 15. Nf1 Bxc1 16. Raxc1 Nh5 17. Qd2 c4 18. Bc2 Nc5 19. g3 b5 20. Ne3 Ng7 21. Nh4 Qe7 22. Kg2 Rf8 23. Ra1 Bd7 24. Rf1 Nh5 25. Kh1 Nf4 26. Nhg2 Nfd3 27. Bxd3 cxd3 28. Rad1 Nxe4 29. Qxd3 Nc5 30. Qd2 Nxa4 31. f4 f5 32. fxe5 dxe5 33. Qe2 Qd6 34. Nh4 f4 35. Neg2 Rae8 36. Qe4 Nxb2 37. Rd2 Nc4 38. Rdf2 Bh3 39. gxf4 exf4 40. Qd4 Qe5 41. Qd3 Bxg2+ 42. Nxg2 Qe4 43. Qxe4 Rxe4 44. Nxf4 Ne3 45. Ne6 Rxf2 46. Rxf2 Nf5 47. Ra2 Re1+ 48. Kg2 Re5 49. Rxa6 Ne3+ 50. Kf2 Nxd5 51. Ra8+ Kf7 52. Nd8+ Kf6 53. Rc8 Rh5 54. Kg3 Rg5+ 55. Kf3 Rf5+ 56. Kg3 Nf4 57. Nb7 Ne2+ 58. Kg2 Nf4+ 59. Kg3 Ne6 60. Nd6 Rd5 61. Ne4+ Ke5 62. Nf2 Rc5 63. Nd3+ Kd5 64. Nxc5 Nxc5 1-0

[Event "EU-ch Amateur U2300"]
[Site "Zagreb"]
[Date "2022.08.20"]
[Round "8"]
[White "Colev, Ivor"]
[Black "Vucenovic, Damian"]
[Result "0-1"]
[WhiteElo "1950"]
[BlackElo "2053"]
[PlyCount "52"]
[EventDate "2022.08.14"]
[EventType "swiss"]
[EventRounds "9"]
[EventCountry "CRO"]
[SourceTitle "CBM 210 Extra"]
[Source "ChessBase"]
[SourceDate "2022.11.30"]
[SourceVersion "1"]
[SourceVersionDate "2022.11.30"]
[SourceQuality "1"]

1. e4 e5 2. Nf3 Nc6 3. Bb5 a6 4. Ba4 Nf6 5. 0-0 b5 6. Bb3 Bc5 7. c3 d6 8. d4 Bb6 9. h3 0-0 10. Re1 Bb7 11. a4 Re8 12. Bg5 h6 13. axb5 axb5 14. Rxa8 Bxa8 15. Bxf6 Qxf6 16. d5 Ne7 17. Na3 Ng6 18. Nxb5 Nf4 19. g3 Nxh3+ 20. Kg2 Nxf2 21. Qe2 Bb7 22. Rf1 Ng4 23. Kh1 Ne3 24. Ra1 Qg6 25. Qh2 Qxe4 26. Bd1 Nxd1 0-1

[Event "EU-ch Amateur U2300"]
[Site "Zagreb"]
[Date "2022.08.18"]
[Round "6"]
[White "Vucenovic, Damian"]
[Black "Green, Michael"]
[Result "1/2-1/2"]
[WhiteElo "2053"]
[BlackElo "1997"]
[PlyCount "99"]
[EventDate "2022.08.14"]
[EventType "swiss"]
[EventRounds "9"]
[EventCountry "CRO"]
[SourceTitle "CBM 210 Extra"]
[Source "ChessBase"]
[SourceDate "2022.11.30"]
[SourceVersion "1"]
[SourceVersionDate "2022.11.30"]
[SourceQuality "1"]

1. e4 g6 2. d4 Nf6 3. Bd3 c5 4. c3 cxd4 5. cxd4 Nc6 6. Nf3 d5 7. e5 Ne4 8. 0-0 Bg7 9. Re1 Bf5 10. Be3 0-0 11. Nh4 e6 12. Nxf5 exf5 13. Bc2 Rc8 14. Bb3 Na5 15. f3 Ng5 16. Nc3 Ne6 17. Nxd5 Nc4 18. Bxc4 Rxc4 19. b3 Rc8 20. Nb4 Nc7 21. Rc1 a5 22. Nd3 Nd5 23. Rxc8 Qxc8 24. Qd2 b6 25. Nf4 Nxe3 26. Qxe3 Bh6 27. g3 Rd8 28. e6 Bxf4 29. exf7+ Kxf7 30. Qxf4 Qd7 31. Rd1 Qe7 32. Qd2 Rd5 33. Kf2 Qd8 34. h4 Qf6 35. Qc3 Qd6 36. Qe3 Qd8 37. Qf4 Qd7 38. Rc1 Rd6 39. d5 Kg8 40. Qe5 Qd8 41. Kg2 Rxd5 42. Qe6+ Kg7 43. Rc8 Rd2+ 44. Kh3 Qd3 45. Qe5+ Kh6 46. Qf4+ Kg7 47. Qe5+ Kh6 48. Qf4+ Kg7 49. Rc7+ Kg8 50. Rc8+ 1/2-1/2

[Event "EU-ch Amateur U2300"]
[Site "Zagreb"]
[Date "2022.08.16"]
[Round "3"]
[White "Vucenovic, Damian"]
[Black "Tomic, Stjepan"]
[Result "1/2-1/2"]
[WhiteElo "2053"]
[BlackElo "1990"]
[PlyCount "46"]
[EventDate "2022.08.14"]
[EventType "swiss"]
[EventRounds "9"]
[EventCountry "CRO"]
[SourceTitle "CBM 210 Extra"]
[Source "ChessBase"]
[SourceDate "2022.11.30"]
[SourceVersion "1"]
[SourceVersionDate "2022.11.30"]
[SourceQuality "1"]

1. e4 c6 2. d4 d5 3. exd5 cxd5 4. Bd3 Nf6 5. c3 Bg4 6. Qb3 Qc7 7. Bg5 e6 8. Nd2 Bd6 9. h3 Bh5 10. Ngf3 Nc6 11. 0-0 0-0 12. Rfe1 Rfe8 13. Rac1 Bg6 14. Bxg6 hxg6 15. c4 Na5 16. Qc3 Nxc4 17. Ne5 Rac8 18. Nexc4 dxc4 19. Bxf6 gxf6 20. Qf3 b5 21. Ne4 Be7 22. Nxf6+ Bxf6 23. Qxf6 Qd8 1/2-1/2

[Event "CRO-ch U17/19"]
[Site "Split"]
[Date "2022.07.28"]
[Round "5"]
[White "Vucenovic, Damian"]
[Black "Friscic, Matej"]
[Result "1-0"]
[WhiteElo "2047"]
[BlackElo "1668"]
[PlyCount "55"]
[EventDate "2022.07.25"]
[EventType "swiss"]
[EventRounds "9"]
[EventCountry "CRO"]
[SourceTitle "EXT 2023"]
[Source "ChessBase"]
[SourceDate "2022.10.05"]
[SourceVersion "1"]
[SourceVersionDate "2022.10.05"]
[SourceQuality "1"]

1. e4 c5 2. Nf3 g6 3. c3 d5 4. exd5 Qxd5 5. d4 Bg7 6. Be3 cxd4 7. cxd4 Nf6 8. Nc3 Qd8 9. Bc4 0-0 10. 0-0 Nbd7 11. Re1 Nb6 12. Bb3 e6 13. Bg5 h6 14. Bh4 g5 15. Bg3 Nfd5 16. Rc1 Bf6 17. Qd3 Be7 18. Ne5 Kg7 19. Qf3 Bb4 20. Nd3 Bxc3 21. bxc3 Ne7 22. Nc5 Nbd5 23. c4 Nb4 24. a3 Nbc6 25. d5 Na5 26. Bc2 exd5 27. Qf6+ Kxf6 28. Be5# 1-0

[Event "CRO-ch U17/19"]
[Site "Split"]
[Date "2022.07.25"]
[Round "1"]
[White "Vucenovic, Damian"]
[Black "Boric, Jakov"]
[Result "1-0"]
[WhiteElo "2047"]
[BlackElo "1498"]
[PlyCount "137"]
[EventDate "2022.07.25"]
[EventType "swiss"]
[EventRounds "9"]
[EventCountry "CRO"]
[SourceTitle "EXT 2023"]
[Source "ChessBase"]
[SourceDate "2022.10.05"]
[SourceVersion "1"]
[SourceVersionDate "2022.10.05"]
[SourceQuality "1"]

1. e4 c6 2. d4 d5 3. exd5 cxd5 4. Bd3 Nc6 5. c3 Nf6 6. Bg5 Qb6 7. Qc2 h6 8. Bh4 e6 9. Nf3 Bd6 10. Nbd2 Bd7 11. 0-0 Rc8 12. a3 0-0 13. Rae1 Na5 14. Ne5 Bb5 15. Bxb5 Qxb5 16. a4 Qe8 17. f4 Nd7 18. Nd3 f6 19. Nf3 Qf7 20. Re2 Rfe8 21. Rfe1 Nc6 22. Bg3 Nf8 23. Qd2 Ne7 24. b3 Nf5 25. Bf2 Qc7 26. g4 Ne7 27. Rc1 Neg6 28. Bg3 a5 29. Qd1 Nxf4 30. Bxf4 Bxf4 31. Rcc2 Bd6 32. c4 dxc4 33. bxc4 Qc6 34. Qf1 Qxa4 35. c5 Be7 36. Ra2 Qc4 37. Rec2 Qa6 38. Rcb2 Nd7 39. Qb1 Qc6 40. Qd1 Ra8 41. Qe2 b6 42. cxb6 Nxb6 43. Rc2 Qd6 44. Nc5 Nd5 45. Nb7 Qa6 46. Qxa6 Rxa6 47. Rxa5 Rxa5 48. Nxa5 Ne3 49. Re2 Nxg4 50. h3 e5 51. hxg4 exd4 52. Nxd4 Kf7 53. Nab3 g6 54. Kg2 Bd6 55. Ra2 Re7 56. Ra6 Be5 57. Nc6 Rc7 58. Kf3 h5 59. g5 Bc3 60. gxf6 Bxf6 61. Nc5 Be7 62. Ne5+ Kg8 63. Ne6 Rc3+ 64. Ke4 Bf6 65. Ra8+ Kh7 66. Ra7+ Kh6 67. Nf7+ Kh7 68. Nfg5+ Kg8 69. Ra8+ 1-0

[Event "Solta op 5th"]
[Site "Grohote"]
[Date "2022.07.10"]
[Round "9"]
[White "Vucenovic, Damian"]
[Black "Zierke, Oliver"]
[Result "0-1"]
[WhiteElo "2047"]
[BlackElo "2252"]
[PlyCount "50"]
[EventDate "2022.07.02"]
[EventType "swiss"]
[EventRounds "9"]
[EventCountry "CRO"]
[SourceTitle "EXT 2023"]
[Source "ChessBase"]
[SourceDate "2022.10.05"]
[SourceVersion "1"]
[SourceVersionDate "2022.10.05"]
[SourceQuality "1"]

1. e4 c5 2. Nf3 d6 3. c3 Nf6 4. h3 g6 5. Bd3 Bg7 6. 0-0 0-0 7. Bc2 e5 8. d3 Nc6 9. Be3 b6 10. Nbd2 d5 11. Ba4 Bb7 12. Bxc6 Bxc6 13. Nxe5 Bb7 14. Ng4 Nh5 15. Re1 Re8 16. Qc2 f5 17. exf5 gxf5 18. Nh6+ Bxh6 19. Bxh6 Qf6 20. g4 Qxh6 21. gxh5 Kh8 22. d4 Qg5+ 23. Kh1 Rxe1+ 24. Nf1 Rg8 25. f4 Qg1# 0-1

[Event "Solta op 5th"]
[Site "Grohote"]
[Date "2022.07.08"]
[Round "7"]
[White "Vucenovic, Damian"]
[Black "Jelcic, Marko"]
[Result "1-0"]
[WhiteElo "2047"]
[BlackElo "2201"]
[PlyCount "77"]
[EventDate "2022.07.02"]
[EventType "swiss"]
[EventRounds "9"]
[EventCountry "CRO"]
[SourceTitle "EXT 2023"]
[Source "ChessBase"]
[SourceDate "2022.10.05"]
[SourceVersion "1"]
[SourceVersionDate "2022.10.05"]
[SourceQuality "1"]

1. e4 c5 2. Nf3 g6 3. c3 d5 4. e5 Nc6 5. d4 cxd4 6. cxd4 Bg4 7. Bb5 Rc8 8. Nc3 e6 9. 0-0 Nge7 10. Bg5 Bg7 11. h3 Bxf3 12. Qxf3 0-0 13. Bxc6 Rxc6 14. Qe3 h6 15. Bxe7 Qxe7 16. a3 Rfc8 17. Nb5 Rb6 18. Qe2 Rc4 19. b3 Rcc6 20. Nxa7 Rc3 21. b4 Rc4 22. Rac1 Ra6 23. Rxc4 dxc4 24. Nb5 Rc6 25. Rc1 Qh4 26. Rxc4 Bxe5 27. Rxc6 bxc6 28. dxe5 cxb5 29. Qxb5 Qd4 30. a4 Qd1+ 31. Kh2 Qc2 32. f3 Qf5 33. Qc5 h5 34. a5 h4 35. a6 Qf4+ 36. Kh1 Qd2 37. a7 Qd1+ 38. Kh2 Qa1 39. b5 1-0